| 000 | 00753nam a2200265 a 4500 | ||
|---|---|---|---|
| 001 | BS0000018 | ||
| 003 | BR-BrBNA | ||
| 005 | 20230418191326.0 | ||
| 008 | 230308b |||||||| |||| 00| 0 por d | ||
| 040 |
_aBR-BrBNA _bpor _cBiblioteca Nacional de Agricultura |
||
| 041 | _apor | ||
| 072 | _aB51 | ||
| 090 | _aB51 BS0000018 | ||
| 100 | 1 | _aSetubal, M.A. (Coord.) | |
| 245 | 1 | _aA formação do Estado de São Paulo, seus habitantes e os usos da terra / | |
| 260 | 3 |
_aSão Paulo, SP: _bCENPEC, _c2004. |
|
| 300 | _a208 p. | ||
| 500 | _aColeção Terra Paulista: histórias, arte, costumes, v.1. | ||
| 650 | _aHISTÓRIA | ||
| 650 | _aSÃO PAULO | ||
| 650 | _aARTE | ||
| 650 | _aCOSTUME | ||
| 909 |
_a202304 _bSergio Santos _c56 _dSergio Santos |
||
| 942 | _cBK | ||
| 999 |
_c5081 _d5081 |
||